[Event "Gibtelecom 2009 Masters"]
[Site "Gibraltar ENG"]
[Date "2009.02.05"]
[Round "10.54"]
[White "Sanchez, Louis"]
[Black "Hagen, Anders Gjerdrum"]
[Result "1/2-1/2"]
[WhiteElo "2263"]
[BlackElo "2110"]
[PlyCount "57"]
[EventDate "2009.01.27"]
[EventType "swiss"]
[EventRounds "9"]
[EventCountry "ENG"]
[Source "lmi"]
[SourceDate "2009.01.27"]

1. e4 c6 2. d4 d5 3. Nd2 dxe4 4. Nxe4 Bf5 5. Ng3 Bg6 6. h4 h6 7. Nh3 Nf6 8. Nf4
Bh7 9. c3 e6 10. Qf3 Nbd7 11. Bc4 Bd6 12. Ngh5 O-O 13. Be3 Qe7 14. O-O-O e5 15.
Ne2 Nxh5 16. Qxh5 b5 17. Bb3 a5 18. Bc2 Bxc2 19. Kxc2 b4 20. Rhe1 Nf6 21. Qf5
Nd5 22. Bc1 g6 23. Qg4 bxc3 24. Nxc3 h5 25. Qf3 Nxc3 26. bxc3 Qe6 27. Kb1 Rab8+
28. Ka1 Rb6 29. Bg5 1/2-1/2

[Event "Gibtelecom 2009 Masters"]
[Site "Gibraltar ENG"]
[Date "2009.02.05"]
[Round "10.55"]
[White "Fruebing, Stefan"]
[Black "Ogada-Osir, Ibrahim Okinyi"]
[Result "1/2-1/2"]
[WhiteElo "2307"]
[BlackElo "2110"]
[PlyCount "76"]
[EventDate "2009.01.27"]
[EventType "swiss"]
[EventRounds "9"]
[EventCountry "ENG"]
[Source "lmi"]
[SourceDate "2009.01.27"]

1. e4 e5 2. Nf3 Nc6 3. Bc4 Bc5 4. O-O Nf6 5. d3 d6 6. c3 O-O 7. Nbd2 a6 8. Bb3
Ba7 9. Re1 Ng4 10. Re2 Kh8 11. h3 Nh6 12. Nf1 f5 13. d4 fxe4 14. Rxe4 Qf6 15.
Ng3 Nf5 16. Bg5 Qg6 17. Rg4 Nxg3 18. Rxg3 Qh5 19. Be3 h6 20. Qd2 e4 21. Nh2 Ne7
22. Bd1 Qh4 23. Be2 Nf5 24. Rg4 Qe7 25. Rf4 g5 26. Rxf5 Bxf5 27. Ng4 Bxg4 28.
Bxg4 d5 29. h4 gxh4 30. Bxh6 Rg8 31. Bh3 c6 32. Qf4 Rae8 33. Qf5 Rgf8 34. Bxf8
Rxf8 35. Qh5+ Qh7 36. Qe5+ Qg7 37. Qh5+ Qh7 38. Qe5+ Qg7 1/2-1/2

[Event "Gibtelecom 2009 Masters"]
[Site "Gibraltar ENG"]
[Date "2009.02.05"]
[Round "10.57"]
[White "Mundaca Alvarez, Juan Carlos"]
[Black "Walton, Alan J"]
[Result "1/2-1/2"]
[WhiteElo "2105"]
[BlackElo "2189"]
[PlyCount "52"]
[EventDate "2009.01.27"]
[EventType "swiss"]
[EventRounds "9"]
[EventCountry "ENG"]
[Source "lmi"]
[SourceDate "2009.01.27"]

1. d4 e6 2. Nf3 f5 3. g3 Nf6 4. Bg2 Be7 5. O-O O-O 6. b3 d6 7. Bb2 Qe8 8. Nbd2
Nc6 9. c4 Qh5 10. e3 Nd8 11. Ne1 Qh6 12. Nd3 Nf7 13. Qe2 Ng5 14. Nf4 Nge4 15.
f3 Nxd2 16. Qxd2 g5 17. Nd3 Nh5 18. f4 gxf4 19. exf4 Nf6 20. Nf2 d5 21. Rac1 c6
22. Nd3 Qg7 23. Ne5 Ng4 24. Rfd1 Nxe5 25. dxe5 Rd8 26. Qe3 Bd7 1/2-1/2

[Event "Gibtelecom 2009 Masters"]
[Site "Gibraltar ENG"]
[Date "2009.02.05"]
[Round "10.59"]
[White "Perez Aleman, Pedro Tomas"]
[Black "Pali, Gabor"]
[Result "1/2-1/2"]
[WhiteElo "2160"]
[BlackElo "2048"]
[PlyCount "140"]
[EventDate "2009.01.27"]
[EventType "swiss"]
[EventRounds "9"]
[EventCountry "ENG"]
[Source "lmi"]
[SourceDate "2009.01.27"]

1. Nf3 Nf6 2. c4 e6 3. Nc3 b6 4. g3 Bb7 5. Bg2 g6 6. O-O Bg7 7. Re1 d5 8. Ne5
O-O 9. d4 Nbd7 10. Bg5 h6 11. Bf4 g5 12. Bd2 Nxe5 13. dxe5 Ne4 14. Nxe4 dxe4
15. Bc3 Qxd1 16. Rexd1 Rfd8 17. b4 Rac8 18. Kf1 g4 19. Ke1 Kh7 20. a4 Kg6 21.
a5 Kf5 22. axb6 axb6 23. Ra7 Rxd1+ 24. Kxd1 Ba8 25. Kc2 Bxe5 26. h4 gxh3 27.
Bxh3+ Kf6 28. Bd2 h5 29. Be3 Bc6 30. b5 Ra8 31. Rxa8 Bxa8 32. Kb3 Ke7 33. Kb4
Bd6+ 34. c5 bxc5+ 35. Bxc5 Bd5 36. e3 f5 37. Bf1 e5 38. Be2 Bf7 39. Bd1 Kd7 40.
Ba4 Kc8 41. Bxd6 cxd6 42. b6 Kb7 43. Ka5 f4 44. Bc6+ Kb8 45. Bxe4 fxg3 46. fxg3
d5 47. Bd3 Kb7 48. Ba6+ Kc6 49. Bb5+ Kb7 50. Bc6+ Kb8 51. Kb4 d4 52. e4 Be6 53.
Bb5 Kb7 54. Kc5 Bb3 55. Bc6+ Kb8 56. Be8 Bd1 57. Bb5 Bc2 58. Be2 Bxe4 59. Kd6
Bg6 60. Kxe5 d3 61. Bf3 d2 62. Bd1 Kb7 63. Kd4 Kxb6 64. Ke3 Kc5 65. Kxd2 Kd4
66. Bf3 h4 67. gxh4 Ke5 68. Ke3 Kf6 69. Kf4 Kg7 70. Kg5 Be8 1/2-1/2

[Event "Gibtelecom 2009 Masters"]
[Site "Gibraltar ENG"]
[Date "2009.02.05"]
[Round "10.60"]
[White "Green, Andrew D"]
[Black "Dasaolu, Adeoye"]
[Result "1-0"]
[WhiteElo "2136"]
[BlackElo "2024"]
[PlyCount "78"]
[EventDate "2009.01.27"]
[EventType "swiss"]
[EventRounds "9"]
[EventCountry "ENG"]
[Source "lmi"]
[SourceDate "2009.01.27"]

1. e4 c5 2. Nf3 e6 3. d3 d5 4. Qe2 Nf6 5. g3 Nc6 6. Bg2 Be7 7. O-O O-O 8. e5
Nd7 9. c4 Nb6 10. h4 Kh8 11. Bf4 Bd7 12. Nbd2 Qc7 13. Nb3 Rad8 14. Rfe1 Bc8 15.
Ng5 g6 16. h5 Kg7 17. Rac1 dxc4 18. h6+ Kh8 19. dxc4 Nb4 20. Ra1 Nd3 21. Red1
Nxf4 22. gxf4 Kg8 23. Bh3 Qc6 24. Bg2 Qa4 25. Nd2 Rd4 26. b3 Qb4 27. Nde4 Rfd8
28. Nf3 R4d7 29. Rxd7 Rxd7 30. Rd1 Qa5 31. Nd6 Bf8 32. Nxc8 Rxd1+ 33. Qxd1 Nxc8
34. Qd7 Ne7 35. Ng5 Qc3 36. Kh2 Qc1 37. Kg3 Nf5+ 38. Kf3 Qc3+ 39. Ke4 Qc2+ 1-0

[Event "Gibtelecom 2009 Masters"]
[Site "Gibraltar ENG"]
[Date "2009.02.05"]
[Round "10.61"]
[White "Obiamiwe, Paul"]
[Black "Osuna Vega, Enrique"]
[Result "1-0"]
[WhiteElo "2035"]
[BlackElo "2130"]
[PlyCount "127"]
[EventDate "2009.01.27"]
[EventType "swiss"]
[EventRounds "9"]
[EventCountry "ENG"]
[Source "lmi"]
[SourceDate "2009.01.27"]

1. Nf3 e6 2. c4 b6 3. g3 Bb7 4. Bg2 Nf6 5. O-O Be7 6. b3 O-O 7. Bb2 c5 8. d4
cxd4 9. Qxd4 Nc6 10. Qd3 d5 11. Nbd2 Nb4 12. Qb1 dxc4 13. Nxc4 Be4 14. Qd1 Bd5
15. a3 Bxc4 16. bxc4 Qxd1 17. Rfxd1 Nc6 18. Nd4 Nxd4 19. Bxa8 Nb3 20. Bxf6 gxf6
21. Rab1 Na5 22. Rd7 Bxa3 23. Rxa7 Bc5 24. Bf3 Rd8 25. Bh5 Rf8 26. Rc1 f5 27.
Kg2 Nc6 28. Rc7 Ne5 29. Rc2 Kg7 30. h4 Kh6 31. Bf3 Rd8 32. Bb7 Rd4 33. e3 Rd1
34. Bf3 Ra1 35. Be2 Kg7 36. Rc8 Ra4 37. Rd8 Ra1 38. Rd1 Ra4 39. h5 Kf6 40. Rd8
Kg7 41. Rdd2 Ra1 42. Rd1 Ra4 43. Rh1 Kh6 44. Rh4 Ra1 45. e4 Be7 46. Rf4 Bg5 47.
exf5 Bxf4 48. gxf4 Nd7 49. fxe6 fxe6 50. Rd2 Nc5 51. Rd6 Ra2 52. Bf3 Rc2 53. f5
Kg7 54. fxe6 Kf6 55. Bd5 Rb2 56. Rd8 Re2 57. Rf8+ Kg5 58. Kf1 Rxe6 59. Bxe6
Nxe6 60. Rb8 Kxh5 61. Rxb6 Nf8 62. Rd6 Kg5 63. c5 Kf5 64. c6 1-0

[Event "Gibtelecom 2009 Masters"]
[Site "Gibraltar ENG"]
[Date "2009.02.05"]
[Round "10.63"]
[White "Flores Chico, Jorge"]
[Black "Hickman, John E"]
[Result "1-0"]
[WhiteElo "2121"]
[BlackElo "2002"]
[PlyCount "51"]
[EventDate "2009.01.27"]
[EventType "swiss"]
[EventRounds "9"]
[EventCountry "ENG"]
[Source "lmi"]
[SourceDate "2009.01.27"]

1. e4 d6 2. d4 Nf6 3. Nc3 g6 4. Be2 Bg7 5. h4 c5 6. Be3 cxd4 7. Bxd4 Nc6 8. Be3
O-O 9. h5 Qa5 10. hxg6 hxg6 11. Qd2 Rd8 12. Bh6 Bh8 13. Bc4 Ne5 14. Bb3 Bd7 15.
f4 Neg4 16. f5 e6 17. Nge2 Nxh6 18. Rxh6 Ng4 19. Rh4 exf5 20. Qg5 Kg7 21. Qe7
Ne5 22. O-O-O Re8 23. Qg5 Be6 24. Rdh1 Rg8 25. Qe7 g5 26. Rh7+ 1-0

[Event "Gibtelecom 2009 Masters"]
[Site "Gibraltar ENG"]
[Date "2009.02.05"]
[Round "10.64"]
[White "Benson, Oisin P"]
[Black "Tscharotschkin, Michael"]
[Result "0-1"]
[WhiteElo "1957"]
[BlackElo "2248"]
[PlyCount "136"]
[EventDate "2009.01.27"]
[EventType "swiss"]
[EventRounds "9"]
[EventCountry "ENG"]
[Source "lmi"]
[SourceDate "2009.01.27"]

1. d4 Nf6 2. c4 e6 3. Nc3 Bb4 4. e3 O-O 5. a3 Bxc3+ 6. bxc3 d6 7. Bd3 Qe7 8.
Ne2 Nbd7 9. O-O e5 10. a4 a5 11. Ng3 e4 12. Bb1 Nb6 13. Qe2 Be6 14. Nxe4 Bxc4
15. Nxf6+ Qxf6 16. Bd3 d5 17. f3 Rfe8 18. Qc2 Bxd3 19. Qxd3 Qc6 20. Qc2 Re6 21.
Re1 Rae8 22. Qb3 Nc4 23. Kf2 Qd6 24. Qxb7 c6 25. Kg1 Rb8 26. Qa7 Re7 27. Qc5
Qxc5 28. dxc5 Rb3 29. e4 f6 30. Bf4 dxe4 31. Rxe4 Rxe4 32. fxe4 Kf7 33. Kf2 Ke6
34. Ke2 g5 35. Kd3 gxf4 36. Kxc4 Rb2 37. g3 f3 38. Rf1 f2 39. Kd4 Ra2 40. Ke3
Rxa4 41. Rxf2 Rc4 42. Kd3 Rxc5 43. Kd4 Rg5 44. Ra2 Kd6 45. c4 h5 46. Rf2 Ke6
47. c5 Rg8 48. Ra2 Rd8+ 49. Ke3 Ra8 50. Ra4 Ke5 51. h3 Rb8 52. Rxa5 Rb3+ 53.
Kf2 Rc3 54. Kg2 Rc4 55. Kf3 Rc3+ 56. Kf2 Kxe4 57. Ra4+ Kf5 58. Ra5 Ke5 59. h4
Kd5 60. Kg2 Ke5 61. Kf2 Kf5 62. Kg2 Rc2+ 63. Kf3 Rc4 64. Ke3 Ke5 65. Kd3 Rg4
66. Ra8 Rxg3+ 67. Kd2 Rg4 68. Rd8 Rd4+ 0-1

[Event "Gibtelecom 2009 Masters"]
[Site "Gibraltar ENG"]
[Date "2009.02.05"]
[Round "10.65"]
[White "Pantaleoni, Claudio"]
[Black "Webster, Richard J"]
[Result "1/2-1/2"]
[WhiteElo "2211"]
[BlackElo "1956"]
[PlyCount "88"]
[EventDate "2009.01.27"]
[EventType "swiss"]
[EventRounds "9"]
[EventCountry "ENG"]
[Source "lmi"]
[SourceDate "2009.01.27"]

1. e4 e5 2. Nf3 Nc6 3. Bb5 a6 4. Ba4 Nf6 5. d3 d6 6. c3 Bg4 7. Nbd2 Be7 8. h3
Bh5 9. Nf1 O-O 10. Ng3 b5 11. Nxh5 Nxh5 12. Bb3 Nf6 13. O-O Na5 14. Bc2 c5 15.
d4 Qc7 16. Re1 Rac8 17. Re2 Rfd8 18. Qe1 Nc6 19. Be3 Nd7 20. Rd1 Nf8 21. a3 c4
22. Red2 Ng6 23. g3 Nb8 24. Qe2 Nd7 25. Kg2 Nf6 26. Rh1 Qb7 27. d5 Qd7 28. Nh2
Re8 29. Rdd1 Bd8 30. f3 Qb7 31. Nf1 Qd7 32. Kh2 Kh8 33. Rg1 Ng8 34. Bd2 Bb6 35.
Rg2 N8e7 36. Be3 Bd8 37. Bf2 f5 38. exf5 Nxf5 39. Bxf5 Qxf5 40. Qe4 Rf8 41.
Qxf5 Rxf5 42. Nd2 Bg5 43. Ne4 Be7 44. Nd2 Bg5 1/2-1/2

[Event "Gibtelecom 2009 Masters"]
[Site "Gibraltar ENG"]
[Date "2009.02.05"]
[Round "10.66"]
[White "Linqvist, Grels"]
[Black "Tsifanskaya, Ludmila A"]
[Result "1/2-1/2"]
[WhiteElo "2034"]
[BlackElo "2149"]
[PlyCount "41"]
[EventDate "2009.01.27"]
[EventType "swiss"]
[EventRounds "9"]
[EventCountry "ENG"]
[Source "lmi"]
[SourceDate "2009.01.27"]

1. c4 Nf6 2. Nc3 g6 3. g3 Bg7 4. Bg2 O-O 5. d4 d6 6. Nf3 Nbd7 7. h3 a6 8. O-O
e5 9. dxe5 dxe5 10. Be3 h6 11. Qb3 Qe7 12. Nd5 Nxd5 13. cxd5 Rd8 14. Rac1 Nf6
15. Rfd1 Re8 16. Rd2 Qd7 17. a4 Rb8 18. Ba7 Ra8 19. Be3 Rb8 20. Ba7 Ra8 21. Be3
1/2-1/2

[Event "Gibtelecom 2009 Masters"]
[Site "Gibraltar ENG"]
[Date "2009.02.05"]
[Round "10.67"]
[White "Lumsdon, Andrew"]
[Black "Getz, Nicolai"]
[Result "0-1"]
[WhiteElo "2051"]
[BlackElo "2190"]
[PlyCount "98"]
[EventDate "2009.01.27"]
[EventType "swiss"]
[EventRounds "9"]
[EventCountry "ENG"]
[Source "lmi"]
[SourceDate "2009.01.27"]

1. d4 f5 2. Bg5 d6 3. Nc3 h6 4. Bh4 g5 5. Bg3 f4 6. e3 fxg3 7. Qh5+ Kd7 8. Qg4+
e6 9. hxg3 c6 10. d5 Kc7 11. dxc6 Nxc6 12. O-O-O Kb8 13. Bb5 Nf6 14. Qa4 Bd7
15. Nf3 Ne8 16. Qb3 Bg7 17. Bxc6 Bxc6 18. Qxe6 Qf6 19. Qg4 Nc7 20. Qb4 Bxf3 21.
gxf3 Qxf3 22. Qxd6 Qf8 23. Qd3 a6 24. Qc4 Qxf2 25. Rd7 Qxe3+ 26. Kb1 Qe5 27.
Qb3 Nb5 28. Nd5 Ra7 29. Rd1 Qe2 30. c3 Be5 31. a4 Nd6 32. Ne7 Qc4 33. Qb6 Nc8
34. Qe3 Qe6 35. Nxc8 Rxc8 36. R7d5 Qg6+ 37. Ka1 Bc7 38. Rd7 Qc6 39. b3 b5 40.
a5 Rb7 41. b4 Qf6 42. R1d6 Qf1+ 43. Kb2 Qg2+ 44. Kb3 Bxd6 45. Rxd6 Qf1 46. Rxa6
Qf7+ 47. Kb2 Re8 48. Qd3 Qe7 49. Qd4 Rd8 0-1

[Event "Gibtelecom 2009 Masters"]
[Site "Gibraltar ENG"]
[Date "2009.02.05"]
[Round "10.69"]
[White "Bates, Caspar J"]
[Black "Pettersen, Joar Gullestad"]
[Result "1-0"]
[WhiteElo "2142"]
[BlackElo "2016"]
[PlyCount "59"]
[EventDate "2009.01.27"]
[EventType "swiss"]
[EventRounds "9"]
[EventCountry "ENG"]
[Source "lmi"]
[SourceDate "2009.01.27"]

1. c4 Nf6 2. d4 e6 3. Nf3 c6 4. Nc3 d5 5. Bg5 dxc4 6. e4 b5 7. e5 h6 8. Bh4 g5
9. Nxg5 hxg5 10. Bxg5 Nbd7 11. exf6 Bb7 12. Qc2 Bh6 13. f4 Nxf6 14. O-O-O Bxg5
15. fxg5 Nd5 16. Qd2 Nxc3 17. bxc3 Qd6 18. h4 O-O-O 19. Kb2 c5 20. Qf2 cxd4 21.
Rxd4 Bd5 22. a3 Rd7 23. Be2 a5 24. Bf3 Qc6 25. Bxd5 Rxd5 26. Rhd1 Rf5 27. Qe2
Qb6 28. g4 Rc5 29. Qf3 Qb7 30. Rd8+ 1-0

[Event "Gibtelecom 2009 Masters"]
[Site "Gibraltar ENG"]
[Date "2009.02.05"]
[Round "10.70"]
[White "Brown, Thomas"]
[Black "Machin Arbelo, Pedro Alexi"]
[Result "1-0"]
[WhiteElo "2027"]
[BlackElo "2134"]
[PlyCount "67"]
[EventDate "2009.01.27"]
[EventType "swiss"]
[EventRounds "9"]
[EventCountry "ENG"]
[Source "lmi"]
[SourceDate "2009.01.27"]

1. d4 e6 2. c4 Nf6 3. Nc3 d5 4. Nf3 Bb4 5. e3 O-O 6. a3 Be7 7. Bd3 c5 8. O-O
cxd4 9. exd4 dxc4 10. Bxc4 a6 11. Qe2 b5 12. Ba2 Bb7 13. Rd1 Nd5 14. Ne5 Nxc3
15. bxc3 Nd7 16. Rd3 Rc8 17. Rg3 Re8 18. Nxf7 Qb6 19. Bxe6 Bf6 20. Nd6+ Kh8 21.
Nxc8 Rxe6 22. Nxb6 Rxe2 23. Kf1 Re7 24. Nxd7 Rxd7 25. Bg5 Bd5 26. Bxf6 Bc4+ 27.
Kg1 gxf6 28. Re1 Bf7 29. Rge3 Kg7 30. Re7 Rd6 31. Rc7 Kg6 32. Ree7 Bb3 33. Rxh7
Re6 34. Rhe7 1-0

[Event "Gibtelecom 2009 Masters"]
[Site "Gibraltar ENG"]
[Date "2009.02.05"]
[Round "10.71"]
[White "Hamer, Martyn"]
[Black "Kuenitz, Klaus"]
[Result "1-0"]
[WhiteElo "2022"]
[BlackElo "2114"]
[PlyCount "39"]
[EventDate "2009.01.27"]
[EventType "swiss"]
[EventRounds "9"]
[EventCountry "ENG"]
[Source "lmi"]
[SourceDate "2009.01.27"]

1. g4 d5 2. h3 c5 3. Bg2 e5 4. c4 d4 5. d3 Nc6 6. Nf3 f5 7. gxf5 Bxf5 8. Nbd2
Nf6 9. Ng5 Be7 10. Qa4 Bd7 11. Nge4 O-O 12. Nxf6+ Bxf6 13. Ne4 Be7 14. Bd2 a6
15. Qc2 b5 16. cxb5 axb5 17. Nxc5 Bh4 18. Nxd7 Rxf2 19. Bd5+ Kh8 20. Kd1 1-0

[Event "Gibtelecom 2009 Masters"]
[Site "Gibraltar ENG"]
[Date "2009.02.05"]
[Round "10.72"]
[White "Ercan, Mehmet Fahri"]
[Black "Cafolla, Peter"]
[Result "1/2-1/2"]
[WhiteElo "2091"]
[BlackElo "2013"]
[PlyCount "93"]
[EventDate "2009.01.27"]
[EventType "swiss"]
[EventRounds "9"]
[EventCountry "ENG"]
[Source "lmi"]
[SourceDate "2009.01.27"]

1. e4 e5 2. Nf3 Nc6 3. Bb5 a6 4. Ba4 Nf6 5. O-O Be7 6. Re1 b5 7. Bb3 d6 8. c3
O-O 9. d3 Na5 10. Bc2 c5 11. Nbd2 Re8 12. Nf1 g6 13. h3 Bf8 14. Bg5 h6 15. Be3
Kh7 16. N3h2 Nc6 17. f4 Qc7 18. Nf3 a5 19. Kh2 Bg7 20. g3 Bd7 21. a3 b4 22. Bd2
Reb8 23. Ne3 Be6 24. f5 b3 25. fxe6 bxc2 26. Qxc2 fxe6 27. Rad1 a4 28. Bc1 Nd7
29. Rf1 Na5 30. d4 exd4 31. cxd4 Nb3 32. e5 dxe5 33. dxe5 Nxe5 34. Nxe5 Bxe5
35. Nc4 Bg7 36. Rf2 Nd4 37. Qe4 Qb7 38. Qd3 Rf8 39. Rdf1 Qb3 40. Qxb3 Nxb3 41.
Rxf8 Rxf8 42. Rxf8 Bxf8 43. Bf4 Bg7 44. Kg2 Bd4 45. Kf3 g5 46. Bd6 Bg7 47. Ke4
1/2-1/2

[Event "Gibtelecom 2009 Masters"]
[Site "Gibraltar ENG"]
[Date "2009.02.05"]
[Round "10.73"]
[White "Spanton, Tim R"]
[Black "Fox, Anthony"]
[Result "1/2-1/2"]
[WhiteElo "2008"]
[BlackElo "2085"]
[PlyCount "65"]
[EventDate "2009.01.27"]
[EventType "swiss"]
[EventRounds "9"]
[EventCountry "ENG"]
[Source "lmi"]
[SourceDate "2009.01.27"]

1. e4 e5 2. Nf3 Nc6 3. Bb5 a6 4. Bxc6 dxc6 5. Nc3 f6 6. d4 exd4 7. Qxd4 Qxd4 8.
Nxd4 Bd7 9. Be3 O-O-O 10. O-O-O Ne7 11. Rd2 Ng6 12. Rhd1 Bb4 13. Nf5 Bxc3 14.
bxc3 Bxf5 15. Rxd8+ Rxd8 16. exf5 Ne7 17. g4 b6 18. Rd3 c5 19. c4 Re8 20. Ra3
a5 21. Bf4 Nc6 22. Re3 Rd8 23. Re6 Kd7 24. a4 Rf8 25. Kd2 Rf7 26. h3 Rf8 27.
Re4 Nd8 28. Kd3 Nf7 29. h4 h6 30. Bg3 Nd8 31. Bf4 Nf7 32. f3 Nd8 33. Bg3
1/2-1/2

[Event "Gibtelecom 2009 Masters"]
[Site "Gibraltar ENG"]
[Date "2009.02.05"]
[Round "10.74"]
[White "Fryer, David W"]
[Black "Haug, Marianne Wold"]
[Result "1-0"]
[WhiteElo "2080"]
[BlackElo "1935"]
[PlyCount "115"]
[EventDate "2009.01.27"]
[EventType "swiss"]
[EventRounds "9"]
[EventCountry "ENG"]
[Source "lmi"]
[SourceDate "2009.01.27"]

1. e4 c5 2. Nc3 g6 3. g3 Nc6 4. Bg2 Bg7 5. d3 d6 6. Be3 Nf6 7. h3 O-O 8. Qd2
Nd4 9. Nge2 e5 10. Nc1 Rb8 11. Nd1 Be6 12. c3 Nc6 13. Bh6 b5 14. Bxg7 Kxg7 15.
O-O Qd7 16. Kh2 d5 17. f4 dxe4 18. fxe5 Ng8 19. Qf4 exd3 20. Nxd3 Qxd3 21. Bxc6
Qf5 22. Qxf5 Bxf5 23. Nf2 Ne7 24. Bg2 Rbd8 25. g4 Be6 26. a4 b4 27. cxb4 cxb4
28. Rfd1 Bb3 29. Rd6 Nc8 30. Rd3 Bc2 31. Re3 Rd2 32. Kg3 Nb6 33. b3 Nd5 34.
Bxd5 Rxd5 35. Rc1 Rd2 36. Kf3 Rc8 37. Rce1 Rc3 38. Ne4 Bxe4+ 39. Kxe4 Rb2 40.
Rxc3 bxc3 41. Rc1 c2 42. Kd4 Rxb3 43. Rxc2 Rxh3 44. Rc7 Rh4 45. e6 Rxg4+ 46.
Kd5 Kf8 47. Rxf7+ Ke8 48. Rxa7 h5 49. a5 h4 50. a6 Ra4 51. Kd6 Rd4+ 52. Ke5 Ra4
53. Kf6 Rf4+ 54. Kxg6 Ra4 55. Kf6 Rf4+ 56. Ke5 Ra4 57. Ra8+ Ke7 58. a7 1-0

[Event "Gibtelecom 2009 Masters"]
[Site "Gibraltar ENG"]
[Date "2009.02.05"]
[Round "10.75"]
[White "Beltran Medina, Jorge"]
[Black "Perman, Torvald"]
[Result "1-0"]
[WhiteElo "2006"]
[BlackElo "2077"]
[PlyCount "63"]
[EventDate "2009.01.27"]
[EventType "swiss"]
[EventRounds "9"]
[EventCountry "ENG"]
[Source "lmi"]
[SourceDate "2009.01.27"]

1. d4 Nf6 2. c4 e6 3. g3 d5 4. Bg2 Bb4+ 5. Nd2 O-O 6. Ngf3 b6 7. O-O Bb7 8. Ne5
Nbd7 9. cxd5 exd5 10. Ndc4 c6 11. Qa4 Be7 12. Nxd7 Nxd7 13. Ne3 f5 14. b4 b5
15. Qb3 Nb6 16. Nc2 Bd6 17. Ne1 a5 18. bxa5 Nc4 19. Nd3 Qe7 20. a4 Rxa5 21. Bf4
Bxf4 22. gxf4 Nd2 23. Qc3 Nxf1 24. Qxa5 Nxh2 25. Kxh2 Qxe2 26. Qc3 bxa4 27. Re1
Qh5+ 28. Kg1 Ba6 29. Ne5 Bb5 30. Nxc6 Bc4 31. Ne5 Rc8 32. Bxd5+ 1-0

[Event "Gibtelecom 2009 Masters"]
[Site "Gibraltar ENG"]
[Date "2009.02.05"]
[Round "10.76"]
[White "Madland, Kristoffer"]
[Black "Dimitrijevic, Dragan"]
[Result "1/2-1/2"]
[WhiteElo "1992"]
[BlackElo "2069"]
[PlyCount "95"]
[EventDate "2009.01.27"]
[EventType "swiss"]
[EventRounds "9"]
[EventCountry "ENG"]
[Source "lmi"]
[SourceDate "2009.01.27"]

1. e4 c5 2. c3 b6 3. d4 Bb7 4. Bd3 Nf6 5. Qe2 cxd4 6. cxd4 Nc6 7. Nf3 Nb4 8.
Nc3 Nxd3+ 9. Qxd3 e6 10. Bg5 Be7 11. O-O O-O 12. e5 Nd5 13. Bxe7 Qxe7 14. Nxd5
Bxd5 15. a3 Rfc8 16. Rfc1 Bb7 17. Qe3 d6 18. Rxc8+ Rxc8 19. Rc1 Rxc1+ 20. Qxc1
Bxf3 21. gxf3 h6 22. f4 Qd7 23. Qc4 d5 24. Qc2 f5 25. b3 Kf7 26. a4 Ke7 27. Qc3
Kf8 28. Qg3 Qf7 29. Kg2 Ke8 30. b4 Kd8 31. Qc3 Qe8 32. b5 Qd7 33. Qg3 Kc7 34.
Qc3+ Kb7 35. Kg3 a6 36. Qb4 Qc7 37. Qd6 Qxd6 38. exd6 axb5 39. axb5 Kc8 40. Kh4
g6 41. Kg3 Kd7 42. h4 Kxd6 43. h5 Ke7 44. hxg6 Kf6 45. g7 Kxg7 46. Kh4 Kg6 47.
f3 h5 48. Kg3 1/2-1/2

[Event "Gibtelecom 2009 Masters"]
[Site "Gibraltar ENG"]
[Date "2009.02.05"]
[Round "10.77"]
[White "Aagedal, Geir Ole"]
[Black "Zanetti, Bruno"]
[Result "1-0"]
[WhiteElo "1832"]
[BlackElo "2008"]
[PlyCount "75"]
[EventDate "2009.01.27"]
[EventType "swiss"]
[EventRounds "9"]
[EventCountry "ENG"]
[Source "lmi"]
[SourceDate "2009.01.27"]

1. Nf3 d5 2. d4 e6 3. c4 c6 4. e3 f5 5. Nc3 Bd6 6. Be2 Nd7 7. a3 Ngf6 8. b4 a6
9. Bb2 O-O 10. O-O Ne4 11. Ne1 g5 12. f3 Nxc3 13. Bxc3 Qc7 14. f4 b5 15. c5 Be7
16. Nd3 Nf6 17. Be1 Ne4 18. Kh1 g4 19. g3 h5 20. Kg2 Kg7 21. Rh1 h4 22. gxh4
Rh8 23. h3 g3 24. Bxg3 Kh6 25. Rg1 Bd7 26. Bf3 Rab8 27. Kh2 Rbg8 28. Bxe4 fxe4
29. Ne5 Be8 30. f5 Rxg3 31. Rxg3 Bxh4 32. Qg4 Bxg3+ 33. Qxg3 Qe7 34. Ng4+ Kh7
35. f6 Qf7 36. Qh4+ Qh5 37. Qxh5+ Bxh5 38. Rg1 1-0

[Event "Gibtelecom 2009 Masters"]
[Site "Gibraltar ENG"]
[Date "2009.02.05"]
[Round "10.78"]
[White "Szabo, Gabor"]
[Black "Helin, Mikael"]
[Result "0-1"]
[WhiteElo "1862"]
[BlackElo "1974"]
[PlyCount "37"]
[EventDate "2009.01.27"]
[EventType "swiss"]
[EventRounds "9"]
[EventCountry "ENG"]
[Source "lmi"]
[SourceDate "2009.01.27"]

1. e4 c5 2. Nf3 Nc6 3. c3 d5 4. exd5 Qxd5 5. d4 Bg4 6. Be2 cxd4 7. cxd4 e6 8.
Nc3 Qa5 9. O-O Nf6 10. Be3 Bd6 11. h3 Bh5 12. Qb3 O-O 13. Rad1 Ne7 14. Nb5 Bb8
15. Rc1 a6 16. Na3 b5 17. g4 Bg6 18. Nh4 Be4 19. Bd2 0-1

[Event "Gibtelecom 2009 Masters"]
[Site "Gibraltar ENG"]
[Date "2009.02.05"]
[Round "10.80"]
[White "Escofet Llongueras, Joan"]
[Black "Loberg, Jo Kristian"]
[Result "1/2-1/2"]
[WhiteElo "1889"]
[BlackElo "1923"]
[PlyCount "64"]
[EventDate "2009.01.27"]
[EventType "swiss"]
[EventRounds "9"]
[EventCountry "ENG"]
[Source "lmi"]
[SourceDate "2009.01.27"]

1. c4 Nf6 2. Nc3 g6 3. g3 Bg7 4. Bg2 d6 5. e4 O-O 6. Nge2 e5 7. O-O Nc6 8. d3
Nd7 9. h3 f5 10. f4 Nf6 11. Be3 fxe4 12. dxe4 exf4 13. gxf4 Be6 14. b3 Qd7 15.
Kh2 Nh5 16. Qd2 Rf7 17. Rf2 Raf8 18. Raf1 Bh6 19. Nb5 a6 20. Nbd4 Nxd4 21. Nxd4
Bg7 22. Nxe6 Qxe6 23. e5 c6 24. Qxd6 Qxd6 25. exd6 Nxf4 26. Kh1 Nxg2 27. Kxg2
Rxf2+ 28. Rxf2 Rxf2+ 29. Kxf2 Kf7 30. Kf3 Ke6 31. c5 Bf6 32. Ke4 h5 1/2-1/2

[Event "Gibtelecom 2009 Masters"]
[Site "Gibraltar ENG"]
[Date "2009.02.05"]
[Round "10.83"]
[White "Valhondo Morales, Ruben"]
[Black "Matto, Manuel"]
[Result "1/2-1/2"]
[WhiteElo "1754"]
[BlackElo "1855"]
[PlyCount "84"]
[EventDate "2009.01.27"]
[EventType "swiss"]
[EventRounds "9"]
[EventCountry "ENG"]
[Source "lmi"]
[SourceDate "2009.01.27"]

1. d4 f5 2. e4 e6 3. Nc3 Qe7 4. Bd3 Nc6 5. Nge2 g6 6. e5 a6 7. Be3 d5 8. exd6
cxd6 9. d5 Ne5 10. dxe6 Bxe6 11. O-O Nf6 12. Re1 Kf7 13. Nd4 Re8 14. f4 Nxd3
15. Qxd3 Qd7 16. Re2 b5 17. Nxe6 Rxe6 18. Rae1 Bg7 19. Bd4 Rhe8 20. h3 Qc8 21.
Kf2 b4 22. Bxf6 Bxf6 23. Na4 Rxe2+ 24. Rxe2 Rxe2+ 25. Qxe2 Qc6 26. b3 Bd4+ 27.
Kf1 Qb5 28. Qc4+ d5 29. Qd3 Ke6 30. Ke1 Qxd3 31. cxd3 Kd6 32. Ke2 h6 33. g3 g5
34. h4 g4 35. h5 Kc6 36. Kf1 Kb5 37. Ke2 a5 38. Kf1 Kc6 39. Ke2 Ba1 40. Kf2
Bd4+ 41. Ke2 Bc3 42. Kd1 Ba1 1/2-1/2

[Event "Gibtelecom 2009 Masters"]
[Site "Gibraltar ENG"]
[Date "2009.02.05"]
[Round "10.85"]
[White "Pieri, Enzo"]
[Black "Escandell Atienza, Santiago"]
[Result "1/2-1/2"]
[WhiteElo "1829"]
[BlackElo "1485"]
[PlyCount "41"]
[EventDate "2009.01.27"]
[EventType "swiss"]
[EventRounds "9"]
[EventCountry "ENG"]
[Source "lmi"]
[SourceDate "2009.01.27"]

1. d4 Nf6 2. Nf3 d5 3. e3 c6 4. Bd3 e6 5. O-O Nbd7 6. Nbd2 Bd6 7. Re1 O-O 8. e4
dxe4 9. Nxe4 Nxe4 10. Bxe4 Nf6 11. Bg5 h6 12. Bxf6 Qxf6 13. Ne5 Rd8 14. Qh5 c5
15. c3 cxd4 16. cxd4 Bxe5 17. dxe5 Qe7 18. Rac1 Bd7 19. Bxb7 Rab8 20. Qf3 Qb4
21. Ba6 1/2-1/2